Statistiques concernant Prénoms en chansons

Cliquez ici pour prendre le quiz!

Statistiques générales

  • Ce quiz a été pris 449 fois
  • Le résultat moyen est 18 sur 50

Statistiques - réponses

InterprètesAnnéeChanson% Correct
Claude François1972Belinda
91%
Pascal Obispo1996Lucie
83%
Jacques Brel1962Madeleine
81%
Francis cabrel1977Petite Marie
80%
Johnny Hallyday1976Gabrielle
80%
Alizée2000Moi, Lolita
75%
Christophe1965Aline
69%
Maître Gims2013Bella
69%
Khaled1996Aïcha
68%
Police1978Roxanne
57%
Serge Gainsbourg1969Elisa
57%
Les Rita Mitsouko1986Andy
56%
Alain Bashung1991Osez Joséphine
55%
Roch Voisine1989Hélène
55%
Dany Brillant1991Suzette
53%
MC Solaar1991Caroline
51%
Lady Gaga2009Alejandro
45%
Beatles1965Michelle
41%
The Rolling Stones1973Angie
40%
Jeanne Mas1985Johnny Johhny
38%
Claude Nougaro1963Cécile, ma fille
37%
Guesch Patti1988Etienne
34%
Georges Brassens1972Fernande
32%
Carla Bruni2002Raphaël
30%
Pierre Bachelet1974Emmanuelle
29%
Gérard Lenorman1976Michèle
28%
Daniel Balavoine1978Lucie
27%
Michel Sardou1990Marie Jeanne
26%
Aaron2007U Turn ( Lili )
24%
Diane Tell1990La légende de Jimmy
24%
Sylvie Vartan1979Nicolas
24%
Marie Laforêt1967Ivan Boris et moi
21%
Ricky Martin1995Maria
21%
François Valéry1983Elle danse Marie
19%
Hervé Cristiani1981Il est libre Max
19%
Santana1999Maria, Maria
19%
Dorothée1989Nicolas et Marjolaine
17%
Saïan Supa Crew1999Angela
16%
Les Chaussettes Noires1961Daniela
14%
Louis Chédid1985Anne ma soeur Anne
12%
Doc Gynéco1996Vanessa
11%
Sheila1976Patrick , mon chéri
8%
Pierre Perret1979Estelle
7%
Alain Chamfort1993Clara veut la lune
6%
Gérard Berliner1982Louise
6%
Avalanche1989Johnny come home
5%
Desireless1988John
5%
Daniel Guichard1974Chanson pour Anna
4%
Tom Jones1968Delilah
3%
Goûts de Luxe1986Les yeux de Laura
2%

Distribution des résultats

Percentile par nombre de réponses

% des personnes avec chaque résultat

Votre développement - résultats

Vous n’avez pas pris ce quiz